01679nam a2200409 i 450000100060000000300080000600500170001400600190003100700150005000800410006502000280010603500220013404000310015604300120018705000210019908000080022008200120022810000400024024501480028026400410042830000580046933600310052733700330055833800430059150400430063458800830067759001620076065000290092265000430095165100640099465500270105870000430108570000430112879700180117185600630118999900170125227988FINmELB20241216220026.0m o u cr cn|||||||||230127s2022 ck a ob 000 0 spa d a9789585188402q(e-book) a(OCoLC)1370947229 aFINmELBbspaerdacFINmELB as-ck---14aGT525bO748 2022 a39104a3912231 aOrozco Pérez, John Jairo,eautor.13aEl traje delator :bla moda en Bucaramanga, 1960-1985 /cJohn Jairo Orozco Pérez, Martha Liliana Pinto Malaver, Helwar H. Figueroa Salamanca. 1aBucaramanga :bEdiciones UIS,c2022. a1 recurso en línea (273 páginas) :bilustraciones atextobtxt2rdacontent/spa acomputadorabc2rdamedia/spa arecurso en líneabcr2rdacarrier/spa aContiene referencias bibliográficas. aDescripción basada en metadatos suministrados por el editor y otras fuentes. aRecurso electrónico. Santa Fe, Arg.: elibro, 2023. Disponible vía World Wide Web. El acceso puede estar limitado para las bibliotecas afiliadas a elibro. 0aModaxAspectos sociales. 0aPrendas de vestirxHistoriazColombia. 0aBucaramanga (Colombia)xVida social y costumbresySiglo 20. 4aLibros electrónicos.1 aPinto Malaver, Martha Liliana,eautor.1 aFigueroa Salamanca, Helwar H.,eautor.2 aelibro, Corp.40uhttps://elibro.net/ereader/politecnicointernacional/224702 c27988d27988